<?xml version="1.0" encoding="UTF-8"?>
<record
    xmlns:xsi="http://www.w3.org/2001/XMLSchema-instance"
    xsi:schemaLocation="http://www.loc.gov/MARC21/slim http://www.loc.gov/standards/marcxml/schema/MARC21slim.xsd"
    xmlns="http://www.loc.gov/MARC21/slim">

  <leader>00455nam a22001457a 4500</leader>
  <controlfield tag="008">170131b        xxu||||| |||| 00| 0 eng d</controlfield>
  <datafield tag="020" ind1=" " ind2=" ">
    <subfield code="a">0113230006</subfield>
  </datafield>
  <datafield tag="040" ind1=" " ind2=" ">
    <subfield code="a">KABU</subfield>
    <subfield code="c">KABU</subfield>
  </datafield>
  <datafield tag="050" ind1=" " ind2=" ">
    <subfield code="a">RS141.3</subfield>
    <subfield code="b">.B75 2022 v.ii c.1</subfield>
  </datafield>
  <datafield tag="245" ind1=" " ind2=" ">
    <subfield code="a">British pharmacopoeia 2022</subfield>
  </datafield>
  <datafield tag="260" ind1=" " ind2=" ">
    <subfield code="a">London</subfield>
    <subfield code="b">MHRA</subfield>
    <subfield code="c">2022</subfield>
  </datafield>
  <datafield tag="300" ind1=" " ind2=" ">
    <subfield code="a">5 Vol (various paging)</subfield>
  </datafield>
  <datafield tag="650" ind1=" " ind2=" ">
    <subfield code="a">Phraracopoeias </subfield>
    <subfield code="z">Great Britain</subfield>
  </datafield>
  <datafield tag="942" ind1=" " ind2=" ">
    <subfield code="2">lcc</subfield>
    <subfield code="c">BK</subfield>
    <subfield code="h">RS141.3 .B75 2022 v.ii c.1</subfield>
  </datafield>
  <datafield tag="999" ind1=" " ind2=" ">
    <subfield code="c">19187</subfield>
    <subfield code="d">19186</subfield>
  </datafield>
  <datafield tag="952" ind1=" " ind2=" ">
    <subfield code="0">0</subfield>
    <subfield code="1">0</subfield>
    <subfield code="2">lcc</subfield>
    <subfield code="7">0</subfield>
    <subfield code="a">KABU</subfield>
    <subfield code="b">KABU</subfield>
    <subfield code="d">2022-02-07</subfield>
    <subfield code="l">2</subfield>
    <subfield code="m">5</subfield>
    <subfield code="o">RS141.3 .B75 2022 v.ii c.1</subfield>
    <subfield code="p">031541</subfield>
    <subfield code="q">2026-09-04</subfield>
    <subfield code="r">2023-06-05 00:00:00</subfield>
    <subfield code="s">2023-06-05</subfield>
    <subfield code="w">2022-02-07</subfield>
    <subfield code="y">LONGTERM</subfield>
  </datafield>
  <datafield tag="952" ind1=" " ind2=" ">
    <subfield code="0">0</subfield>
    <subfield code="1">0</subfield>
    <subfield code="2">lcc</subfield>
    <subfield code="7">0</subfield>
    <subfield code="a">KABU</subfield>
    <subfield code="b">KABU</subfield>
    <subfield code="d">2022-02-07</subfield>
    <subfield code="l">2</subfield>
    <subfield code="m">5</subfield>
    <subfield code="o">RS141.3 .B75 2022 v.i c.1</subfield>
    <subfield code="p">031542</subfield>
    <subfield code="q">2026-09-04</subfield>
    <subfield code="r">2023-06-05 00:00:00</subfield>
    <subfield code="s">2023-06-05</subfield>
    <subfield code="w">2022-02-07</subfield>
    <subfield code="y">LONGTERM</subfield>
  </datafield>
  <datafield tag="952" ind1=" " ind2=" ">
    <subfield code="0">0</subfield>
    <subfield code="1">0</subfield>
    <subfield code="2">lcc</subfield>
    <subfield code="7">0</subfield>
    <subfield code="a">KABU</subfield>
    <subfield code="b">KABU</subfield>
    <subfield code="d">2022-02-07</subfield>
    <subfield code="l">2</subfield>
    <subfield code="m">5</subfield>
    <subfield code="o">RS141.3 .B75 2022 v.iii c.1</subfield>
    <subfield code="p">031544</subfield>
    <subfield code="q">2026-09-04</subfield>
    <subfield code="r">2023-06-05 00:00:00</subfield>
    <subfield code="s">2023-06-05</subfield>
    <subfield code="w">2022-02-07</subfield>
    <subfield code="y">LONGTERM</subfield>
  </datafield>
  <datafield tag="952" ind1=" " ind2=" ">
    <subfield code="0">0</subfield>
    <subfield code="1">0</subfield>
    <subfield code="2">lcc</subfield>
    <subfield code="7">0</subfield>
    <subfield code="a">KABU</subfield>
    <subfield code="b">KABU</subfield>
    <subfield code="d">2022-02-07</subfield>
    <subfield code="l">2</subfield>
    <subfield code="m">5</subfield>
    <subfield code="o">RS141.3 .B75 2022 V. V c.1</subfield>
    <subfield code="p">031545</subfield>
    <subfield code="q">2026-09-04</subfield>
    <subfield code="r">2023-06-05 00:00:00</subfield>
    <subfield code="s">2023-06-05</subfield>
    <subfield code="w">2022-02-07</subfield>
    <subfield code="y">LONGTERM</subfield>
  </datafield>
  <datafield tag="952" ind1=" " ind2=" ">
    <subfield code="0">0</subfield>
    <subfield code="1">0</subfield>
    <subfield code="2">lcc</subfield>
    <subfield code="7">0</subfield>
    <subfield code="a">KABU</subfield>
    <subfield code="b">KABU</subfield>
    <subfield code="d">2022-02-07</subfield>
    <subfield code="l">2</subfield>
    <subfield code="m">5</subfield>
    <subfield code="o">RS141.3 .B75 2022 v. iv c.1</subfield>
    <subfield code="p">031546</subfield>
    <subfield code="q">2026-09-04</subfield>
    <subfield code="r">2023-06-05 00:00:00</subfield>
    <subfield code="s">2023-06-05</subfield>
    <subfield code="w">2022-02-07</subfield>
    <subfield code="y">LONGTERM</subfield>
  </datafield>
</record>
